banner-ar

سلسلة الحيوان: السلوك الاجتماعى / (Record no. 56378)

MARC details
000 -الفاتح
حقل البيانات ثابتة الطول 00765nam a2200229Ia 4500
008 - عناصر البيانات ثابتة الطول - معلومات عامة
حقل البيانات ثابتة الطول 140319s9999 xx 000 0 ara d
040 ## - مصدر الفهرسة
وكالة الفهرسة الأصلية GCL /
وكالة النسخ GCL
082 04 - رقم تصنيف ديوى العشرى
رقم التصنيف ط
رقم المادة 591.5
-- ا س
100 1# - المدخل الرئيسى - إسم شخصى
الإسم الشخصى ايفان كنودسن
245 10 - بيان العنوان
العنوان سلسلة الحيوان: السلوك الاجتماعى /
بيان المسئوليه,etc ايفان كنودسن
700 1# - المدخل الاضافى - اسم شخصى
الإسم الشخصى ناتور فوتر (تصوير)
700 1# - المدخل الاضافى - اسم شخصى
الإسم الشخصى جون فييلو
700 1# - المدخل الاضافى - اسم شخصى
الإسم الشخصى امين رشيد حمدى
260 ## - PUBLICATION, DISTRIBUTION, ETC. (IMPRINT)
تاريخ النشر أو التوزيع 1977
300 ## - الوصف المادى
التعداد 53 ص
490 ## - بيان السلسلة
عنوان السلسلة سلوك الحيوان
رقم المجلد/ التعيين التسلسلي 0
650 04 - المدخل الاضافى بالموضوع-مصطلح موضوعى
مصطلح موضوعي الاطفال
650 04 - المدخل الاضافى بالموضوع-مصطلح موضوعى
مصطلح موضوعي السلوك الاجتماعى عند الحيوانات
650 04 - المدخل الاضافى بالموضوع-مصطلح موضوعى
مصطلح موضوعي الحيوانات - تربية
942 ## - عناصر المدخل الإضافي( كوها)
مصدر التصنيف او مخطط الترفيف Dewey Decimal Classification
Koha [default] item type كتاب
260 ## - PUBLICATION, DISTRIBUTION, ETC. (IMPRINT)
-- [S.N] :
-- دار الكتاب المصرى ،
Holdings
حالة التراجع حالة الفقد حالة تلف ليس للاعارة المكان المؤقت الموقع الحالى تاريخ الاكتساب اجمالي اﻻعارات رقم الطلب الباركود تاريخ اخر مشاهدة تاريخ تفعيل السعر نوع وعاء كوها
        مكتبة القاهرة الكبرى مكتبة القاهرة الكبرى 03/26/2014   ط\591.5\ا س 135679 03/26/2014 03/26/2014 كتاب
        مكتبة القاهرة الكبرى مكتبة القاهرة الكبرى 03/26/2014   ط\591.5\ا س 135680 03/26/2014 03/26/2014 كتاب
        مكتبة القاهرة الكبرى مكتبة القاهرة الكبرى 03/26/2014   ط\591.5\ا س 135681 03/26/2014 03/26/2014 كتاب
        مكتبة القاهرة الكبرى مكتبة القاهرة الكبرى 03/26/2014   ط\591.5\ا س 135682 03/26/2014 03/26/2014 كتاب
        مكتبة القاهرة الكبرى مكتبة القاهرة الكبرى 03/26/2014   ط\591.5\ا س 135683 03/26/2014 03/26/2014 كتاب

Powered By

EGPV